[Event "Open Semana Santa 2023"]
[Site "?"]
[Date "2023.04.09"]
[Round "8.48"]
[White "IM Cruz, Jonathan"]
[Black "WFM Rodriguez Redondo, Adhara"]
[Result "1/2-1/2"]
[WhiteElo "2340"]
[BlackElo "2126"]
[PlyCount "159"]
[EventDate "2023.??.??"]

1. Nf3 d5 2. b3 Nf6 3. Bb2 e6 4. c4 Be7 5. cxd5 exd5 6. g3 O-O 7. Bg2 Re8 8.
O-O Bf8 9. d3 h6 10. Nbd2 c5 11. d4 b6 12. Ne5 Bb7 13. Rc1 Nbd7 14. Nxd7 Nxd7
15. Nc4 cxd4 16. Bxd4 Nc5 17. Ne3 Ne4 18. Qd3 Qd7 19. Rfd1 Rad8 20. Rc2 Ng5 21.
h4 Ne6 22. Bb2 d4 23. Qf5 Bxg2 24. Nxg2 Qb7 25. Ne1 Rd5 26. Qf3 Red8 27. Nd3
Qd7 28. Rdc1 a5 29. Rc4 Bc5 30. Rd1 Qe7 31. Rc2 Qe8 32. Rcd2 Qc6 33. Ba1 Bf8
34. Rc1 Qd7 35. Rdc2 Ba3 36. Bb2 Bxb2 37. Rxb2 Nc5 38. Rd1 Ne6 39. Rbd2 Qe8 40.
Ne1 Nc5 41. Nc2 Qe5 42. Ne3 R5d7 43. Nc4 Qe6 44. Rc2 d3 45. exd3 Rxd3 46. Rxd3
Qe1+ 47. Kg2 Rxd3 48. Re2 Rxf3 49. Rxe1 Rf6 50. Re8+ Kh7 51. Rb8 Nd3 52. f4 Re6
53. Nxb6 Re2+ 54. Kf3 Rxa2 55. Nd7 g6 56. g4 Ne1+ 57. Kg3 f5 58. g5 hxg5 59.
fxg5 Rd2 60. Nf6+ Kg7 61. Rb7+ Kf8 62. h5 gxh5 63. Kf4 Rf2+ 64. Ke5 Nd3+ 65.
Kd4 Nf4 66. Ke3 Rf1 67. Nd7+ Kf7 68. Ne5+ Ke6 69. Nf3 Nd5+ 70. Ke2 Rc1 71. Ra7
Rc2+ 72. Ke1 Rc3 73. Ra6+ Kf7 74. g6+ Kg7 75. Nd4 Nf6 76. Nxf5+ Kxg6 77. Ne7+
Kf7 78. Rxf6+ Kxe7 79. Rf5 Rxb3 80. Rxh5 1/2-1/2

[Event "Open Semana Santa 2023"]
[Site "?"]
[Date "2023.04.09"]
[Round "8.49"]
[White "FM Domingo Nunez, Alejandro"]
[Black "Galstyan, David"]
[Result "1-0"]
[WhiteElo "2335"]
[BlackElo "2119"]
[PlyCount "95"]

1. e4 e6 2. d4 d5 3. Nc3 Bb4 4. exd5 exd5 5. Bd3 c6 6. Nge2 Ne7 7. Ng3 O-O 8.
O-O Ng6 9. Qh5 Nd7 10. Bg5 Be7 11. Bxe7 Qxe7 12. Nf5 Qd8 13. Rae1 Nf6 14. Qf3
Bxf5 15. Qxf5 Qd7 16. Qg5 Qg4 17. Qxg4 Nxg4 18. h3 Nh6 19. f4 f5 20. g3 Rae8
21. Na4 b6 22. b4 Kf7 23. b5 cxb5 24. Nc3 Rxe1 25. Rxe1 Rd8 26. Nxb5 Rd7 27. c4
Ne7 28. c5 g6 29. Rc1 bxc5 30. dxc5 Nc6 31. Nd6+ Kf8 32. Bb5 Rc7 33. Bxc6 Rxc6
34. Nb5 a6 35. Nd4 Rc8 36. Rb1 Ke7 37. Rb7+ Kf6 38. c6 Nf7 39. Rd7 Nd8 40. Kf2
h6 41. Ke3 a5 42. Kd3 h5 43. Rxd5 Ke7 44. Rd7+ Ke8 45. Rd6 Kf7 46. Kc4 Ke7 47.
Rxg6 Kf7 48. Rd6 1-0

[Event "Open Semana Santa 2023"]
[Site "?"]
[Date "2023.04.09"]
[Round "8.50"]
[White "Atienza Alvarez, Javier"]
[Black "IM Granero Roca, Antonio"]
[Result "0-1"]
[WhiteElo "2089"]
[BlackElo "2334"]
[PlyCount "60"]

1. d4 Nf6 2. c4 g6 3. Nc3 Bg7 4. e4 d6 5. h3 O-O 6. Be3 e5 7. d5 a5 8. g4 Na6
9. Nge2 Nd7 10. Ng3 Ndc5 11. Qd2 Bd7 12. Be2 a4 13. h4 f5 14. gxf5 gxf5 15.
exf5 Bxf5 16. h5 e4 17. Rg1 Kh8 18. Nxf5 Rxf5 19. Rxg7 Kxg7 20. O-O-O Qf6 21.
Bd4 Nd3+ 22. Bxd3 Qxd4 23. Nxe4 Kh8 24. Qh6 Qe5 25. Nxd6 cxd6 26. Bxf5 Qxf5 27.
Qxd6 Rc8 28. Rd4 Nc5 29. h6 Rg8 30. Qxc5 Qxf2 0-1

[Event "Open Semana Santa 2023"]
[Site "?"]
[Date "2023.04.09"]
[Round "8.51"]
[White "Garrido Diaz, Ernesto"]
[Black "FM Guerrero Vargas, Andres Jesus"]
[Result "0-1"]
[WhiteElo "2106"]
[BlackElo "2328"]
[PlyCount "72"]

1. e4 e5 2. Nf3 Nc6 3. Nc3 Nf6 4. d4 exd4 5. Nxd4 Bc5 6. Be3 Bb6 7. Qd2 O-O 8.
O-O-O Re8 9. Nxc6 bxc6 10. Bg5 h6 11. Bxf6 Qxf6 12. Bc4 d6 13. Kb1 Rb8 14. Bb3
Ba5 15. f3 Be6 16. Nd5 cxd5 17. Qxa5 c5 18. c3 dxe4 19. Bxe6 Qxe6 20. Rhe1 Qg6
21. fxe4 Qxg2 22. b3 Rxe4 23. Qxa7 Rbe8 24. Qb7 Qg4 25. Rg1 Qf5 26. Ka1 Qe5 27.
Rg3 Re3 28. Rxe3 Qxe3 29. c4 Qe5+ 30. Kb1 Qf5+ 31. Kb2 Re2+ 32. Ka3 Qc2 33. Ra1
Qb2+ 34. Ka4 Qxa1 35. Qc8+ Kh7 36. Qf5+ g6 0-1

[Event "Open Semana Santa 2023"]
[Site "?"]
[Date "2023.04.09"]
[Round "8.52"]
[White "FM Neagu, Roberto Florin"]
[Black "Torres Rebolledo, Alvaro"]
[Result "1-0"]
[WhiteElo "2314"]
[BlackElo "2105"]
[PlyCount "67"]

1. Nf3 Nf6 2. e3 d5 3. c4 e6 4. Nc3 Be7 5. b3 O-O 6. Bb2 c5 7. cxd5 exd5 8. d4
Nc6 9. Be2 Bf5 10. O-O cxd4 11. Nxd4 Bg6 12. Rc1 Rc8 13. a3 Qd7 14. Nxc6 bxc6
15. Na4 Qd6 16. b4 Nd7 17. Nc5 Nxc5 18. Rxc5 Qd7 19. Ra5 c5 20. bxc5 Rxc5 21.
Qd4 Bf6 22. Qxc5 Bxb2 23. Rxa7 Qe6 24. Bf3 d4 25. exd4 Bd3 26. Rd1 h6 27. h3
Rc8 28. Rc7 Rxc7 29. Qxc7 Be2 30. Re1 Bxd4 31. Qd8+ Kh7 32. Qxd4 Qa2 33. Rxe2
Qa1+ 34. Qxa1 1-0

[Event "Open Semana Santa 2023"]
[Site "?"]
[Date "2023.04.09"]
[Round "8.53"]
[White "FM Gavarrete, Nahun"]
[Black "Houhou, Alexandre"]
[Result "1/2-1/2"]
[WhiteElo "2303"]
[BlackElo "2038"]
[PlyCount "126"]
[EventDate "2023.??.??"]

1. c4 e5 2. g3 c6 3. d4 e4 4. Nc3 d5 5. cxd5 cxd5 6. Nh3 Nc6 7. Bg2 Be7 8. O-O
Nf6 9. Bg5 Be6 10. Nf4 Qd7 11. e3 Ng8 12. Nxe6 Qxe6 13. Bxe7 Ngxe7 14. f3 exf3
15. Qxf3 O-O 16. Rfe1 Rad8 17. Kh1 f5 18. a3 Na5 19. Qe2 Rf6 20. b4 Nac6 21.
Qb5 Rd7 22. Re2 Nd8 23. Rc1 Nf7 24. Qa4 a6 25. Qb3 Ng5 26. Na4 g6 27. Qd3 Rf7
28. Rec2 Ne4 29. Kg1 Qd6 30. Qf1 g5 31. Nb2 f4 32. exf4 gxf4 33. Bxe4 dxe4 34.
gxf4 Rxf4 35. Rg2+ Ng6 36. Qc4+ Rdf7 37. d5 Qf6 38. h3 Rf2 39. Qc8+ Kg7 40. Qc3
Rxg2+ 41. Kxg2 Ne5 42. Rg1 Kh8 43. Nd1 Rg7+ 44. Kh2 Rxg1 45. Kxg1 Nf3+ 46. Kf2
Ne5+ 47. Ke2 Kg7 48. Nf2 Qf3+ 49. Qxf3 exf3+ 50. Ke3 Kf6 51. Kf4 Ng6+ 52. Ke4
h5 53. Nd3 Ne5 54. Nf2 b5 55. Kf4 Ng6+ 56. Ke4 Ne5 57. Ke3 Kf5 58. d6 Nc4+ 59.
Kxf3 Nxd6 60. Nd3 Nc4 61. Nc5 Nxa3 62. Nxa6 Nc2 63. Nc7 Nxb4 1/2-1/2

[Event "Open Semana Santa 2023"]
[Site "?"]
[Date "2023.04.09"]
[Round "8.54"]
[White "Santamaria Baeza, Adolfo"]
[Black "Olsen, Geir"]
[Result "1-0"]
[WhiteElo "1815"]
[BlackElo "1565"]
[PlyCount "75"]

1. e4 c5 2. Nf3 e6 3. Nc3 Nc6 4. Bc4 a6 5. a4 Nf6 6. O-O d5 7. exd5 exd5 8. Ba2
Be7 9. d4 O-O 10. dxc5 d4 11. Ne2 Bxc5 12. Ng3 Bd6 13. Bc4 Bxg3 14. fxg3 Qb6
15. Kh1 Bg4 16. b3 Rad8 17. Bg5 Bxf3 18. Rxf3 Ne5 19. Bxf6 gxf6 20. Rf4 Nxc4
21. bxc4 Rd6 22. Qd3 f5 23. Rxf5 Re6 24. Raf1 Re3 25. Rg5+ Kh8 26. Qf5 Re6 27.
h3 Qc6 28. Rf2 Rh6 29. Kh2 Qd6 30. Rf4 Rg6 31. Rxg6 hxg6 32. Rh4+ Kg7 33. Qe4
d3 34. cxd3 Qc7 35. Qe3 Qd8 36. Qh6+ Kf6 37. Rf4+ Ke6 38. Qg7 1-0

[Event "Open Semana Santa 2023"]
[Site "?"]
[Date "2023.04.09"]
[Round "8.55"]
[White "Torres Rebolledo, Marcos"]
[Black "CM Melkevik, Johannes"]
[Result "1-0"]
[WhiteElo "1557"]
[BlackElo "1839"]
[PlyCount "83"]

1. d4 Nf6 2. c4 e6 3. Nc3 Bb4 4. Qc2 O-O 5. Nf3 d5 6. Bg5 b6 7. cxd5 exd5 8. e3
h6 9. Bh4 Nbd7 10. Bd3 Bb7 11. O-O Be7 12. Rac1 Rc8 13. Nb5 c5 14. Nxa7 Ra8 15.
Nb5 c4 16. Bf5 Rxa2 17. Ra1 Ra8 18. Rxa8 Bxa8 19. Ra1 Bc6 20. Na7 Qc7 21. Nxc6
Qxc6 22. Ne5 Ra8 23. Rxa8+ Qxa8 24. Nxd7 Ne4 25. Bxe4 dxe4 26. g3 g5 27. Bxg5
hxg5 28. Nxb6 Qc6 29. Nxc4 Kg7 30. Qe2 f6 31. b3 Qb5 32. Qc2 Qc6 33. Na3 Qb7
34. Nb1 f5 35. Nd2 Qb6 36. g4 Qb5 37. gxf5 Qe2 38. Qxe4 Qxd2 39. Qxe7+ Kh6 40.
Qf6+ Kh5 41. Qg6+ Kg4 42. Kg2 1-0

[Event "Open Semana Santa 2023"]
[Site "?"]
[Date "2023.04.09"]
[Round "8.56"]
[White "Sismeiro, Miguel"]
[Black "Martinez Soriano, Javier"]
[Result "1-0"]
[WhiteElo "2301"]
[BlackElo "2006"]
[PlyCount "115"]
[EventDate "2023.??.??"]

1. Nf3 Nf6 2. c4 g6 3. b3 Bg7 4. Bb2 O-O 5. g3 c6 6. Bg2 d5 7. O-O Re8 8. d4
Ne4 9. Nbd2 Nxd2 10. Qxd2 dxc4 11. bxc4 e5 12. e3 e4 13. Ne1 Nd7 14. f3 exf3
15. Nxf3 Nb6 16. Rac1 Be6 17. Qe2 Qe7 18. c5 Nd7 19. a3 Bg4 20. Rce1 Rad8 21.
h3 Bf5 22. Bc3 h5 23. Qc4 Be6 24. Qb4 b6 25. cxb6 axb6 26. Qb2 Qd6 27. Kh2 Bc4
28. Rf2 Ra8 29. Bb4 c5 30. dxc5 Nxc5 31. Qc2 Bd3 32. Rd2 Rad8 33. Qd1 Bh6 34.
Bf1 Qf6 35. Bxc5 Bxf1 36. Bd4 Rxd4 37. Nxd4 Bc4 38. Qf3 Qe5 39. Rf2 Bd5 40. Qf6
Bg7 41. Qxe5 Bxe5 42. Nf3 Bc3 43. Rd1 Be6 44. Ng5 Be5 45. Nxe6 Rxe6 46. Kg2 Bd6
47. Rd3 f6 48. Rc2 Bc5 49. Kf3 Re5 50. Rc4 f5 51. e4 g5 52. exf5 Rxf5+ 53. Ke4
Rf1 54. Rf3 Re1+ 55. Kf5 Kg7 56. Re4 Rxe4 57. Kxe4 Kg6 58. g4 1-0

[Event "Open Semana Santa 2023"]
[Site "?"]
[Date "2023.04.09"]
[Round "8.57"]
[White "Liu, Zhaoqi"]
[Black "Vinuesa Sorli, Ruben"]
[Result "1-0"]
[WhiteElo "2301"]
[BlackElo "2003"]
[PlyCount "65"]

1. c4 Nf6 2. Nc3 g6 3. g3 Bg7 4. Bg2 d6 5. d4 O-O 6. Nf3 Re8 7. O-O Bd7 8. Bg5
h6 9. Be3 e5 10. h3 Nc6 11. dxe5 dxe5 12. Qc1 Kh7 13. Rd1 Qc8 14. Nd5 Nxd5 15.
cxd5 Ne7 16. Qc4 Bxh3 17. Rac1 c6 18. dxc6 Nxc6 19. Bxh6 Bxh6 20. Qxf7+ Kh8 21.
Qf6+ Kh7 22. Bxh3 Qxh3 23. Rxc6 bxc6 24. Qf7+ Kh8 25. Rd7 Bf8 26. Qf6+ Kg8 27.
Qxg6+ Kh8 28. Qf6+ Kg8 29. Qf7+ Kh8 30. Ng5 Qh6 31. Qf5 Kg8 32. Rh7 Qxg5 33.
Qf7# 1-0

[Event "Open Semana Santa 2023"]
[Site "?"]
[Date "2023.04.09"]
[Round "8.58"]
[White "Castro Quijano, Eduardo"]
[Black "IM Cruz, Filemon"]
[Result "0-1"]
[WhiteElo "2083"]
[BlackElo "2284"]
[PlyCount "66"]

1. e4 e6 2. d4 d5 3. Nd2 Nf6 4. e5 Nfd7 5. Bd3 c5 6. c3 Nc6 7. Ne2 cxd4 8. cxd4
f6 9. Nf4 Nxd4 10. Qh5+ Ke7 11. Ng6+ hxg6 12. exf6+ Nxf6 13. Qxh8 Kf7 14. b3 e5
15. Bb2 Qb6 16. Rc1 e4 17. Bb1 Bd7 18. Qh4 Bb4 19. Qf4 Ne6 20. Qg3 Bb5 21. h4
Rh8 22. Kd1 Bd6 23. Be5 Bxe5 24. Qxe5 Qxf2 25. Re1 Qxg2 26. Rc3 Rxh4 27. Rg3
Qf2 28. Reg1 Rh2 29. Qc3 d4 30. Qa5 b6 31. Qxa7+ Kg8 32. Qb8+ Kh7 33. Nf3 Qe2+
0-1

[Event "Open Semana Santa 2023"]
[Site "?"]
[Date "2023.04.09"]
[Round "8.59"]
[White "FM Castellanos Gomez, Alejandro"]
[Black "Alvarez Morales, Miguel"]
[Result "1-0"]
[WhiteElo "2277"]
[BlackElo "1924"]
[Annotator "Usuario"]
[PlyCount "137"]
[EventDate "2023.??.??"]

1. d4 Nf6 2. Bf4 b6 3. Nc3 Bb7 4. f3 d6 5. e4 Nbd7 6. Qd2 e5 7. Be3 exd4 8.
Bxd4 g6 9. O-O-O Bg7 10. g4 Nc5 11. Bb5+ c6 12. Bf1 Qc7 13. g5 Nh5 14. Bxg7
Nxg7 15. Qxd6 Qxd6 16. Rxd6 Nge6 17. b4 Nd7 18. Bc4 Ke7 19. Rd2 Nxg5 20. f4 Ne6
21. Nh3 Rhd8 $11 22. Rhd1 h6 23. f5 Ne5 24. fxe6 Rxd2 25. Rxd2 Nxc4 26. Rd7+
Kxe6 27. Rxb7 g5 28. b5 Nd6 29. Rc7 cxb5 30. e5 Kxe5 31. Re7+ Kd4 32. Rd7 Ke5
33. Re7+ Kd4 34. Ne2+ Kd5 35. Ng3 f5 36. Rd7 Ke5 37. Re7+ Kd5 38. Nf2 a5 39.
Nd3 f4 40. Re5+ Kc4 41. Nf1 Re8 42. Nd2+ Kd4 43. Nf3+ Kc4 44. Nb2+ Kb4 45. Rd5
Re3 46. Nd4 Re1+ 47. Nd1 Nc4 48. a3+ Nxa3 49. Nf3 Re2 50. Nd2 a4 51. h4 f3 52.
hxg5 hxg5 53. Rxg5 f2 54. Rf5 Nc4 55. Nb1 a3 56. Nbc3 Re5 57. Rxf2 Kc5 58. Rf8
Re1 59. Rc8+ Kb4 60. Na2+ Ka4 61. Ra8+ Na5 62. Kd2 Rxd1+ 63. Kxd1 b4 64. Kc1 b3
65. cxb3+ Kxb3 66. Kb1 Nc4 67. Rd8 b5 68. Rd5 b4 69. Rd4 1-0

[Event "Open Semana Santa 2023"]
[Site "?"]
[Date "2023.10.05"]
[Round "8.60"]
[White "Robledo Sanchez, Carlos"]
[Black "CM Ilinca Ilinca, Felix Antonio"]
[Result "0-1"]
[WhiteElo "2077"]
[BlackElo "2266"]
[PlyCount "52"]

1. c4 e6 2. Nf3 d5 3. e3 Nf6 4. b3 Be7 5. Bb2 O-O 6. Nc3 c5 7. cxd5 exd5 8. d4
b6 9. Bd3 Bb7 10. O-O Nbd7 11. Rc1 Bd6 12. Nb5 Bb8 13. dxc5 bxc5 14. Re1 Re8
15. Ba3 a6 16. Nc3 Bd6 17. Na4 Qe7 18. Re2 Rac8 19. Rd2 Ne5 20. Bb2 d4 21. Be2
Ne4 22. exd4 Nxf3+ 23. Bxf3 Nxd2 24. Bxb7 Qxb7 25. dxc5 Bf4 26. Qg4 Bh6 0-1

[Event "Open Semana Santa 2023"]
[Site "?"]
[Date "2023.04.09"]
[Round "8.61"]
[White "Mateu Guiu, Esteve"]
[Black "FM Villuendas Valero, Adrian"]
[Result "0-1"]
[WhiteElo "2071"]
[BlackElo "2262"]
[Annotator "Usuario"]
[PlyCount "50"]

1. d4 e6 2. c4 Bb4+ 3. Nd2 Nf6 4. Ngf3 O-O 5. a3 Bxd2+ 6. Bxd2 d6 7. Bg5 Nbd7
8. Qc2 e5 9. dxe5 dxe5 10. e4 $11 h6 11. Bxf6 Qxf6 12. Be2 a5 13. b3 Nc5 14.
O-O Bg4 15. b4 Ne6 16. Qb2 Bxf3 17. Bxf3 Nd4 18. Qc3 b6 19. Rfd1 Rfd8 20. Rac1
axb4 21. axb4 Ra2 22. Ra1 Rda8 23. Rxa2 Rxa2 24. Ra1 Qxf3 25. Qxd4 exd4 0-1

[Event "Open Semana Santa 2023"]
[Site "?"]
[Date "2023.04.09"]
[Round "8.62"]
[White "FM Moral Garcia, Serafin"]
[Black "Ontanon Gomez, Jesus"]
[Result "1/2-1/2"]
[WhiteElo "2258"]
[BlackElo "1917"]
[Annotator "Usuario"]
[PlyCount "154"]

1. Nf3 c5 2. b3 Nf6 3. Bb2 g6 4. e3 Bg7 5. c4 O-O 6. Be2 b6 7. O-O Bb7 8. d4
cxd4 9. Nxd4 Na6 10. Nc3 Nc7 11. Bf3 Qc8 12. Rc1 Bxf3 13. Qxf3 Ne6 14. Nxe6
fxe6 15. Qh3 Qb7 16. Rfd1 Rad8 17. Rc2 Ne4 18. Qg4 Nxc3 19. Bxc3 Bxc3 20. Rxc3
e5 21. h4 d6 22. h5 Qd7 23. Qxd7 Rxd7 24. hxg6 hxg6 $11 25. e4 Rf4 26. f3 Rf8
27. Kf2 Rc7 28. Ke3 Rfc8 29. Rcd3 Kg7 30. Rh1 Rh8 31. Rxh8 Kxh8 32. g3 Kg7 33.
Rd5 g5 34. Rd2 Rc8 35. Rh2 Rf8 36. Rh1 Kg6 37. a3 a6 38. b4 Rb8 39. Rc1 Kf6 40.
Rc3 Ke6 41. Kf2 Rc8 42. Ke3 Rb8 43. Rc2 Re8 44. Kd2 Rh8 45. Ke3 Rc8 46. Rc1 Kf6
47. Kd2 Ke6 48. a4 Rf8 49. Rc3 Rc8 50. Kd3 Rf8 51. Kc2 Rc8 52. Kb3 Rb8 53. Rd3
Rc8 54. g4 Rb8 55. Rd2 Rf8 56. Rd3 Rc8 57. a5 bxa5 58. b5 Rc5 59. Rd5 a4+ 60.
Kb4 axb5 61. cxb5 Kd7 62. Rd2 Kc7 63. Kxa4 Kb6 64. Rh2 Rc3 65. Rf2 Rd3 66. Kb4
Rd4+ 67. Kc3 Kxb5 68. Rh2 Ra4 69. Rh3 Ra3+ 70. Kd2 Kc4 71. Ke2 d5 72. exd5 e4
73. Rh7 exf3+ 74. Kf2 Kxd5 75. Rxe7 Kd6 76. Rg7 Ra5 77. Kxf3 Ke6 $11 1/2-1/2

[Event "Open Semana Santa 2023"]
[Site "?"]
[Date "2023.04.09"]
[Round "8.64"]
[White "CM Molina Carretero, Daniel"]
[Black "Srivatsan Karthikeyan"]
[Result "1-0"]
[WhiteElo "2202"]
[BlackElo "1777"]
[PlyCount "124"]

1. c4 c5 2. g3 Nc6 3. Nc3 Nf6 4. Bg2 e6 5. Nf3 d5 6. cxd5 exd5 7. d4 h6 8. O-O
Be6 9. Bf4 a6 10. Rc1 c4 11. Ne5 Bd6 12. b3 cxb3 13. Qxb3 Na5 14. Qc2 Rc8 15.
Qa4+ b5 16. Nxb5 axb5 17. Qxb5+ Kf8 18. Rxc8 Bxc8 19. Bd2 Nb7 20. Rc1 g5 21. a4
Kg7 22. a5 Nxa5 23. Bxa5 Qe8 24. Qxe8 Rxe8 25. Bc7 Bxc7 26. Rxc7 Be6 27. f3 Ra8
28. Nd3 Bf5 29. Nc5 Ra1+ 30. Kf2 h5 31. h3 g4 32. h4 Rd1 33. Ke3 Rg1 34. Kf2
Rd1 35. Nb3 Rb1 36. Rc3 Rd1 37. Rc1 Rxc1 38. Nxc1 Bc2 39. Ke3 Kg6 40. Kf4 gxf3
41. exf3 Bf5 42. Ke5 Be6 43. Nd3 Nd7+ 44. Kd6 Nb6 45. Nf4+ Kf5 46. Bh3+ Kf6 47.
Nxh5+ Kg6 48. Nf4+ Kf6 49. Nxe6 fxe6 50. Bxe6 Nc4+ 51. Kxd5 Ne3+ 52. Kd6 Ng2
53. Bd5 Ne3 54. Be4 Kf7 55. h5 Nc4+ 56. Kc7 Ke6 57. h6 Nd6 58. d5+ Ke7 59. h7
Nf7 60. d6+ Nxd6 61. h8=Q Nf7 62. Qb2 Ke8 1-0

[Event "Open Semana Santa 2023"]
[Site "?"]
[Date "2023.04.09"]
[Round "8.65"]
[White "Vicens Company, Maria Antonia"]
[Black "Revaliente Montoya, Ciro"]
[Result "0-1"]
[WhiteElo "1888"]
[BlackElo "2203"]
[PlyCount "60"]

1. e4 c5 2. Nc3 Nc6 3. Bb5 Nd4 4. Nf3 e6 5. Bd3 Nc6 6. O-O a6 7. Re1 g5 8. h3
h5 9. Bf1 g4 10. Nh2 Bd6 11. d3 gxh3 12. gxh3 Qf6 13. Bg2 Nge7 14. Qf3 Qe5 15.
Nf1 Nd4 16. Qd1 Rg8 17. f4 Qg7 18. Re2 Nxe2+ 19. Qxe2 Ng6 20. e5 Nh4 21. Ne3
Be7 22. Ne4 b6 23. Bd2 Bb7 24. Be1 Nxg2 25. Nxg2 O-O-O 26. a3 d6 27. exd6 Bxd6
28. Bc3 Qxg2+ 29. Qxg2 Rxg2+ 30. Kxg2 f5 0-1

[Event "Open Semana Santa 2023"]
[Site "?"]
[Date "2023.04.09"]
[Round "8.66"]
[White "Moreno Alcaraz, Jose Javier"]
[Black "IM Camacho Collados, Jose"]
[Result "0-1"]
[WhiteElo "2060"]
[BlackElo "2400"]
[PlyCount "86"]

1. e4 c5 2. Nf3 e6 3. d4 cxd4 4. Nxd4 Nf6 5. Nc3 Nc6 6. Ndb5 Bb4 7. a3 Bxc3+ 8.
Nxc3 d5 9. exd5 exd5 10. Bb5 d4 11. Bxc6+ bxc6 12. Ne2 c5 13. b4 O-O 14. O-O
Re8 15. Bg5 h6 16. Bh4 g5 17. Bg3 Ba6 18. Re1 Qe7 19. bxc5 Bxe2 20. Qxd4 Nh5
21. Bd6 Qf6 22. Qa4 a6 23. c4 Re6 24. Qc6 Rae8 25. Qd7 Kg7 26. Rab1 Qf5 27. Rb7
Nf4 28. h3 Kg6 29. Bxf4 Qxf4 30. c6 Bxc4 31. Qxe8 Rxe8 32. Rxe8 Be6 33. c7 Qc1+
34. Kh2 Qc6 35. Reb8 Kg7 36. a4 a5 37. Kg1 h5 38. Rb5 Qc1+ 39. Kh2 Qxc7+ 40. g3
Qc2 41. Rxg5+ Kf6 42. Rbb5 Qxf2+ 43. Kh1 Bxh3 0-1

[Event "Open Semana Santa 2023"]
[Site "?"]
[Date "2023.04.09"]
[Round "8.67"]
[White "Gonzalvez Tamarit, Ruben"]
[Black "FM Habans Aguerrea, Javier"]
[Result "1/2-1/2"]
[WhiteElo "2028"]
[BlackElo "2343"]
[Annotator "Usuario"]
[PlyCount "102"]

1. e4 c6 2. d4 d5 3. exd5 cxd5 4. Bf4 Nc6 5. Nc3 Bf5 6. Bd3 Bxd3 7. Qxd3 e6 8.
Nge2 Nf6 9. O-O Be7 10. a3 O-O 11. Bg3 a6 12. b4 b5 13. Nc1 a5 14. Nxb5 axb4
15. a4 Ne4 16. Nb3 Nxg3 17. hxg3 Qb6 18. Rfc1 Bg5 19. Rcb1 Rfc8 20. Nc5 Be7 21.
Nd7 Qd8 22. Ne5 Nxe5 23. dxe5 g6 24. Rb3 Ra5 25. c3 Rca8 26. cxb4 Rxa4 27. Rab1
Qf8 28. Nc7 R8a7 29. Qb5 Qd8 30. Qe8+ Qxe8 31. Nxe8 Kf8 32. Nf6 Bxf6 33. exf6
Ke8 34. f4 Ra1 35. Kf2 Rxb1 36. Rxb1 Kd7 37. g4 Kc6 38. Rh1 Kb5 39. Rxh7 Kxb4
40. f5 exf5 41. gxf5 gxf5 42. Rh5 d4 43. Rxf5 Kc3 44. Rc5+ Kd2 45. g4 d3 46. g5
Kd1 47. Rd5 d2 48. Ke3 Ra3+ 49. Kf4 Ra6 50. Kf5 Ke2 51. g6 fxg6+ $11 1/2-1/2

[Event "Open Semana Santa 2023"]
[Site "?"]
[Date "2023.04.09"]
[Round "8.68"]
[White "FM Karthik Rajaa"]
[Black "WFM Jimenez Fernandez, Rebeca"]
[Result "1-0"]
[WhiteElo "2302"]
[BlackElo "2053"]
[PlyCount "73"]

1. Nf3 Nf6 2. c4 e6 3. g3 d5 4. Bg2 Be7 5. O-O O-O 6. b3 c5 7. e3 Nc6 8. Bb2 b6
9. Qe2 Bb7 10. d3 Qd7 11. Nc3 Rad8 12. Rad1 d4 13. Nb1 e5 14. e4 Qc7 15. Ne1
Bc8 16. Bc1 Bg4 17. f3 Bd7 18. Nc2 h6 19. Rde1 Nh7 20. f4 exf4 21. gxf4 Bh4 22.
Rd1 Qc8 23. Nd2 Bh3 24. Bxh3 Qxh3 25. Qf3 Qc8 26. Kh1 Be7 27. Rg1 f5 28. Rg6
fxe4 29. Qxe4 Rd6 30. Rxd6 Bxd6 31. Qd5+ Rf7 32. Qxd6 Ne7 33. Re1 Nf5 34. Qe6
Qa6 35. Qd5 Qxa2 36. Re8+ Nf8 37. Rxf8+ 1-0

[Event "Open Semana Santa 2023"]
[Site "?"]
[Date "2023.04.09"]
[Round "8.69"]
[White "FM Escartin Lacasa, Jose"]
[Black "Navarro Martinez, Victor"]
[Result "1-0"]
[WhiteElo "2298"]
[BlackElo "2051"]
[Annotator "Usuario"]
[PlyCount "81"]

1. d4 d5 2. Nf3 Nf6 3. c4 e6 4. g3 Bb4+ 5. Bd2 a5 6. Bg2 O-O 7. O-O dxc4 8. Na3
Bxa3 9. bxa3 c6 10. a4 b5 11. Ne5 Nd5 12. Qc2 f6 13. Nf3 Ba6 14. e4 Ne7 15. a3
Nd7 16. d5 e5 17. dxc6 Nxc6 18. axb5 Bxb5 19. Be3 Qe7 20. Rfd1 Rfd8 21. Rd5 Ba6
22. Rad1 Nf8 23. Bf1 Rac8 24. Qa2 Ne6 25. Bb6 Rxd5 26. exd5 Ncd4 27. Nd2 Qb7
$11 28. dxe6 Qxb6 29. e7 Kf7 30. Nxc4 Bxc4 31. Bxc4+ Kxe7 32. Bg8 Nf3+ 33. Kg2
Ng5 34. h4 Ne6 35. Bxh7 Qc6+ 36. Kg1 Nd4 37. Bg8 Qe8 38. Bd5 Qb5 39. Rb1 Qd3
40. Rb7+ Ke8 41. Bc6+ 1-0

[Event "Open Semana Santa 2023"]
[Site "?"]
[Date "2023.04.09"]
[Round "8.70"]
[White "Sanleon Pravisano, Nieves"]
[Black "FM Ibanez Aullana, Ramon"]
[Result "0-1"]
[WhiteElo "2020"]
[BlackElo "2292"]
[PlyCount "104"]

1. d4 Nf6 2. c4 d6 3. Nf3 Nbd7 4. Nc3 e5 5. e4 g6 6. Be2 Bg7 7. O-O O-O 8. Be3
exd4 9. Nxd4 Re8 10. f3 c6 11. Qd2 d5 12. cxd5 cxd5 13. exd5 Nb6 14. Rfe1 Nbxd5
15. Nxd5 Nxd5 16. Bf2 a6 17. Bc4 Nc7 18. Qf4 Ne6 19. Nxe6 Bxe6 20. Bxe6 Rxe6
21. Rxe6 fxe6 22. Qb4 Qd5 23. Rc1 Rd8 24. Bb6 Rd7 25. Qf4 h5 26. b3 Kh7 27. Be3
Qa5 28. a4 Rd3 29. Kf2 e5 30. Qc4 Qd8 31. Re1 Qd7 32. Ke2 e4 33. Qxe4 Rxb3 34.
Rb1 Rxb1 35. Qxb1 Qxa4 36. Qxb7 Qc2+ 37. Ke1 a5 38. Qa7 Qc4 39. Bc5 Qc3+ 40.
Ke2 Qc2+ 41. Ke1 Qc1+ 42. Ke2 Qc4+ 43. Ke1 Qb5 44. Kf2 Qb2+ 45. Ke1 Qe5+ 46.
Kf1 Qa1+ 47. Ke2 Qa4 48. Kf1 Qd1+ 49. Kf2 a4 50. Kg3 g5 51. Bf8 Qe1+ 52. Kh3
Qh4# 0-1

[Event "Open Semana Santa 2023"]
[Site "?"]
[Date "2023.04.09"]
[Round "8.71"]
[White "Rey Martinez, Jaime"]
[Black "Martinez Ramos, Paula"]
[Result "1-0"]
[WhiteElo "2283"]
[BlackElo "2042"]
[PlyCount "63"]

1. e4 c5 2. Ne2 d6 3. g3 Nf6 4. Bg2 Nc6 5. c3 e6 6. d4 cxd4 7. cxd4 Be7 8. O-O
O-O 9. Nbc3 a6 10. h3 Qc7 11. Be3 d5 12. e5 Nd7 13. Rc1 Nb6 14. b3 Bd7 15. h4
Rac8 16. h5 Qb8 17. Qd2 Rfe8 18. g4 Na8 19. f4 g6 20. hxg6 hxg6 21. f5 exf5 22.
Bg5 Nc7 23. Bxd5 Ne6 24. Bf6 Bxf6 25. exf6 Kh7 26. gxf5 gxf5 27. Rxf5 Rg8+ 28.
Kh1 Rg6 29. Rh5+ Kg8 30. Bxe6 Bxe6 31. Rg1 Qc7 32. Qh6 1-0

[Event "Open Semana Santa 2023"]
[Site "?"]
[Date "2023.04.09"]
[Round "8.72"]
[White "Lorenzo Calvo, Damian Angel"]
[Black "FM Remolar Gallen, Jose"]
[Result "0-1"]
[WhiteElo "1997"]
[BlackElo "2283"]
[PlyCount "74"]

1. e4 c5 2. Nf3 d6 3. Bb5+ Nd7 4. O-O a6 5. Bd3 Ngf6 6. c3 e6 7. Bc2 Be7 8. d4
b5 9. a4 Bb7 10. Re1 Nb6 11. Nbd2 Nxa4 12. Bxa4 bxa4 13. Qxa4+ Qd7 14. Qxd7+
Nxd7 15. Nc4 Rc8 16. d5 O-O 17. dxe6 fxe6 18. Bg5 Nf6 19. Bxf6 gxf6 20. Rad1
Rfd8 21. Rd2 Rb8 22. Red1 Bxe4 23. Nxd6 Bxd6 24. Rxd6 Rxd6 25. Rxd6 Rxb2 26. h3
Kf7 27. Rxa6 Rc2 28. Ra3 e5 29. Kf1 Bd3+ 30. Kg1 Ke6 31. Rb3 Kd5 32. Rb8 Kc4
33. Rc8 Be4 34. Kf1 Bd3+ 35. Kg1 Rxc3 36. Nd2+ Kb4 37. Rb8+ Ka3 0-1

[Event "Open Semana Santa 2023"]
[Site "?"]
[Date "2023.04.09"]
[Round "8.73"]
[White "FM Cappelletto, Joshuaede"]
[Black "Aymerich Rosell, Pablo"]
[Result "1-0"]
[WhiteElo "2266"]
[BlackElo "2037"]
[PlyCount "79"]

1. e4 c5 2. Nf3 Nc6 3. Nc3 e5 4. Bc4 g6 5. d3 h6 6. Nd2 Bg7 7. Nf1 Nge7 8. Ne3
O-O 9. Ned5 Kh7 10. a3 a6 11. Be3 d6 12. O-O f5 13. f3 Nxd5 14. Nxd5 Ne7 15. b4
Nxd5 16. Bxd5 f4 17. Bf2 Qc7 18. c3 Rb8 19. Rc1 b6 20. Qb3 Bd7 21. Rfd1 Qd8 22.
d4 Qe8 23. Qa2 Ba4 24. Bb3 exd4 25. cxd4 cxd4 26. Bxd4 Bxb3 27. Qxb3 Rc8 28.
Qd5 Qa4 29. Qxd6 Rxc1 30. Rxc1 Rc8 31. Rf1 a5 32. bxa5 Qxa5 33. h4 b5 34. h5 g5
35. e5 Qd2 36. e6 Rc1 37. Rxc1 Qxc1+ 38. Kh2 g4 39. fxg4 f3 40. e7 1-0